| 000 | 00499nam a2200181 4500 | ||
|---|---|---|---|
| 001 | 118719 | ||
| 003 | ES-MaACL | ||
| 005 | 20251005063109.0 | ||
| 007 | t| | ||
| 008 | 070214s1967 sp r ||||1| cat d | ||
| 100 | 1 |
_aPi Suñer, Augusto, _d1879-1965 _991726 |
|
| 245 | 1 | 3 |
_aLa novella del Besaví / _cAugust Pi i Sunyer. |
| 250 | _a1ª ed. | ||
| 260 |
_aBarcelona : _bPortic, _c1967. |
||
| 300 |
_a328 p. ; _c20 cm. |
||
| 852 |
_aES-MaACL _jC-34238 _bR.64529 |
||
| 999 |
_c118719 _d118719 |
||